All Rihanna Songs (May 2025) - Statistics

General Stats
  • This quiz has been taken 83 times
  • The average score is 58 of 167
Answer Stats
Year Song % Correct
2007 Umbrella (feat. JAY-Z)
91%
Diamonds
82%
Diamonds - 100 Extended (feat. Dave Audé & Kemal Golden)
82%
Diamonds - Downtempo Remix (feat. Gregor Salto & Tzvetin Todorov)
82%
Diamonds - Remix (feat. Kanye West)
82%
Only Girl (In The World)
80%
Only Girl (In The World) - The Bimbo Jones Club (feat. Marc Jackson Burrows & Lee Dagger)
80%
2005 Pon de Replay
73%
Pon de Replay - Full Phatt Remix (feat. Matt Ward & Dean Gillard)
73%
Pon de Replay - Remix (feat. Elephant Man)
73%
2010 S&M
73%
S&M - Remix (feat. Britney Spears)
73%
Work (feat. Drake)
71%
Rude Boy
69%
Stay (feat. Mikky Ekko)
69%
2006 SOS
67%
Disturbia
64%
Love On The Brain
64%
Breakin' Dishes
62%
Don't Stop The Music
62%
2015 FourFiveSeconds (feat. Kanye West & Paul McCartney)
62%
Love The Way You Lie - Part II (feat. Eminem)
62%
Love The Way You Lie (with Eminem)
62%
Man Down
62%
Shut Up And Drive
62%
We Found Love (feat. Calvin Harris)
62%
Where Have You Been
62%
What's My Name? (feat. Drake)
60%
Needed Me
58%
Unfaithful
58%
Unfaithful - Remix (feat. Nu Soul)
58%
Bitch Better Have My Money
56%
Talk That Talk (feat. JAY-Z)
56%
Sex With Me
53%
2013 The Monster (with Eminem)
53%
This Is What You Came For (with Calvin Harris)
53%
Bad - Remix (with Wale)
51%
California King Bed
51%
2016 Consideration (feat. SZA)
51%
2022 Lift Me Up
51%
Music Of The Sun
51%
Pour It Up
51%
Kiss It Better
49%
Russian Roulette
49%
Russian Roulette - Remix (feat. Donni Hotwheel)
49%
Take A Bow
47%
A Girl Like Me
44%
Cheers (Drink To That)
44%
Good Girl Gone Bad
44%
If It's Lovin That You Want
44%
If It's Lovin' That You Want - Pt. 2 (feat. Cory Gunz)
44%
Rehab
44%
Wild Thoughts (with DJ Khaled & Bryson Tiller)
44%
Birthday Cake
42%
Loveeeeeee Song (feat. Future)
42%
Woo
42%
2011 You Da One
42%
Hard (feat. Jeezy)
40%
Hate That I Love You - 國 (feat. Hins Cheung)
40%
Hate That I Love You - 粵 (feat. Hins Cheung)
40%
Hate That I Love You (feat. Ne-Yo)
40%
Hate That I Love You - Spanglish Version (feat. David Bisbal)
40%
2014 Can't Remember to Forget You (with Shakira)
38%
Desperado
38%
Fly (with Nicki Minaj)
38%
James Joint
38%
Te Amo
38%
American Oxygen
36%
2017 Lemon - Edit (with N.E.R.D)
36%
2018 Lemon - Remix (with N.E.R.D & Drake)
36%
Lemon (with N.E.R.D & Pharell Williams)
36%
Numb (feat. Eminem)
36%
Right Now (feat. David Guetta)
36%
ROCKSTAR 101 (feat. Slash)
36%
What Now
36%
All Of The Lights (with Kanye West)
33%
Cockiness (Love It)
33%
Cockiness (Love It) - Remix (feat. A$AP Rocky)
33%
2008 If I Never See Your Face Again (with Maroon 5)
33%
Jump
33%
Nobody's Business (feat. Chris Brown)
33%
Pose
33%
Princess of China (with Coldplay)
33%
Run This Town (with JAY-Z & Kanye West)
33%
Skin
33%
Wait Your Turn
33%
No Love Allowed
31%
Same Ol' Mistakes
31%
Too Good (with Drake)
31%
Fading
29%
Goodnight Gotham
29%
Live Your Life (with T.I.)
29%
Love Without Tragedy / Mother Mary
29%
P.S. (I'm Still Not Over You)
29%
Raining Men (feat. Nicki Minaj)
29%
The Last Song
29%
Who's That Chick? (with David Guetta)
29%
Close To You
27%
Cold Case Love
27%
Complicated
27%
Drunk On Love
27%
G4L
27%
LOYALTY. (with Kendrick Lamar)
27%
2009 Mad House
27%
Phresh Out The Runway
27%
Push Up On Me
27%
Roc Me Out
27%
Yeah, I Said It
27%
Fire Bomb
24%
Higher
24%
Photographs (feat. will.i.am)
24%
Watch n' Learn
24%
Do Ya Thang
22%
Farewell
22%
Lost In Paradise
22%
Never Ending
22%
2012 Red Lipstick
22%
Stupid In Love
22%
We Ride
22%
Break It Off (feat. Sean Paul)
20%
Fool In Love
20%
Get It Over With
20%
We All Want Love
20%
Dancing In The Dark
18%
Half Of Me
18%
Towards The Sun
18%
Famous (with Kanye West)
16%
2025 Friend Of Mine
16%
Sledgehammer
16%
Willing To Wait
16%
You Don't Love Me (No, No, No) (feat. Vybz Kartel)
16%
Nothing Is Promised (with Mike WiLL Made-It)
13%
Say It
13%
Selfish (with Future)
13%
Sell Me Candy
13%
A Million Miles Away
11%
Cry
11%
Dem Haters (feat. Dwane Husbands)
11%
Final Goodbye
11%
Haunted
11%
Kisses Don't Lie
11%
Lemme Get That
11%
Let Me
11%
Now I Know
11%
Question Existing
11%
Here I Go Again (feat. J-Status)
9%
Rush (feat. Kardinal Offishall)
9%
That La, La, La
9%
The Last Time
9%
There's A Thug In My Life (feat. J-Status)
9%
2020 BELIEVE IT (with PARTYNEXTDOOR)
7%
Livin' A Lie (with The-Dream)
7%
The One (with Memphis Black)
7%
Boom Boom (with Cham)
4%
Born Again
4%
First Time (with Fabulous)
4%
Selfish Girl
4%
Should I? (feat. J-Status)
4%
As Real As You And Me
2%
Hypnotized
2%
Redemption Song - Live From Oprah
2%
Shy Ronnie 2: Ronnie & Clyde (with The Lonely Island)
2%
Who Ya Gonna Run To
2%
Coulda Been The One
0%
Crazy Little Things Called Love (feat. J-Status)
0%
Hole In My Head
0%
Stranded (Haiti Mon Amour) (with JAY-Z, Bono & The Edge)
0%
No matching quizzes found
Score Distribution
Percent of People with Each Score
Percentile by Number Answered
Your Score History
You have not taken this quiz